Normal view
MARC view
- SIBLEY,MARTIN
Entry Personal Name
001 - CONTROL NUMBER
- control field: 90854
003 - CONTROL NUMBER IDENTIFIER
- control field: NUST
005 - DATE AND TIME OF LATEST TRANSACTION
- control field: 20220411092958.0
008 - FIXED-LENGTH DATA ELEMENTS
- fixed length control field: 220411|| aca||aabn | a|a d
040 ## - CATALOGING SOURCE
- Original cataloging agency: NUST
- Transcribing agency: NUST
100 ## - HEADING--PERSONAL NAME
- Personal name: SIBLEY,MARTIN
670 ## - SOURCE DATA FOUND
- Source citation: Work cat.: (NUST): SIBLEY,MARTIN., MODREN TELE COMMUNICATION /, 2018.
